Statistics for Movies Daniel Radcliffe Has Acted In That Aren’t Harry Potter

Click here to take the quiz!

General Stats

  • This quiz has been taken 7 times
  • The average score is 3 of 10

Answer Stats

Answer% Correct
Guns Akimbo
67%
The Lost City
67%
Jungle
33%
Kill Your Darlings
33%
Now You See Me 2
33%
December Boys
17%
Imperium
17%
Escape From Pretoria
0%
My Boy Jack
0%
The F Word
0%

Score Distribution

Percentile by Number Answered

Percent of People with Each Score

Your Score History

You have not taken this quiz